[Event "World Youth Girl U18 2016"]
[Site "Khanty-Mansiysk RUS"]
[Date "2016.10.01"]
[Round "9.24"]
[White "Bandara, T B S H"]
[Black "Tao, Rachel Long-Xin"]
[Result "1-0"]
[BlackTitle "WCM"]
[WhiteElo "1543"]
[BlackElo "1649"]
[WhiteFideId "9918477"]
[BlackFideId "2616300"]
[EventDate "2016.09.22"]

1. e4 c5 2. Nc3 Nc6 3. f4 e6 4. Nf3 g6 5. d3 d6 6. g3 Bg7 7. Bg2 Nge7 8. O-O O-O
9. Ne2 Rb8 10. a4 a6 11. c3 Qc7 12. Be3 b5 13. axb5 axb5 14. Qc2 b4 15. h3 Bd7
16. g4 f5 17. Ng3 Rb6 18. gxf5 exf5 19. h4 bxc3 20. bxc3 Rfb8 21. Rfb1 Rxb1+ 22.
Rxb1 Rxb1+ 23. Qxb1 Bxc3 24. Qb3+ Kg7 25. Qxc3+ Kg8 26. Qc4+ Kg7 27. Ng5 Nd8 28.
Bd4+ Kf8 29. Nxh7+ Ke8 30. exf5 gxf5 31. Nh5 1-0

[Event "World Youth Girl U18 2016"]
[Site "Khanty-Mansiysk RUS"]
[Date "2016.10.01"]
[Round "9.25"]
[White "Kolver, Michelle"]
[Black "Meskenaite, Rugile"]
[Result "1/2-1/2"]
[WhiteTitle "WCM"]
[WhiteElo "1485"]
[BlackElo "1709"]
[WhiteFideId "14307839"]
[BlackFideId "12806587"]
[EventDate "2016.09.22"]

1. d4 c5 2. e3 Nf6 3. Nf3 e6 4. Bd3 d5 5. O-O c4 6. Be2 Bd6 7. c3 O-O 8. Nbd2
Nc6 9. Qc2 b5 10. e4 Be7 11. Re1 Bb7 12. e5 Nd7 13. Nf1 Re8 14. N3d2 Bg5 15. g3
f5 16. f4 Be7 17. Ne3 Nf8 18. Kh1 Ng6 19. Ng2 a5 20. Rf1 Rf8 21. g4 b4 22. gxf5
exf5 23. Nf3 Qd7 24. Rg1 1/2-1/2

[Event "World Youth Girl U18 2016"]
[Site "Khanty-Mansiysk RUS"]
[Date "2016.10.02"]
[Round "10.1"]
[White "Obolentseva, Alexandra"]
[Black "Uuriintuya, Uurtsaikh"]
[Result "0-1"]
[WhiteTitle "WFM"]
[BlackTitle "WIM"]
[WhiteElo "2331"]
[BlackElo "2228"]
[WhiteFideId "24153648"]
[BlackFideId "4900227"]
[EventDate "2016.09.22"]

1. d4 Nf6 2. c4 g6 3. Nc3 Bg7 4. e4 d6 5. Be2 O-O 6. Nf3 Na6 7. O-O e5 8. Re1
Bg4 9. d5 Nc5 10. h3 Bd7 11. Bf1 a5 12. b3 Ne8 13. Nd2 f5 14. a3 Nf6 15. Rb1 Bh6
16. exf5 gxf5 17. b4 axb4 18. axb4 Na4 19. Nxa4 Bxa4 20. Nb3 f4 21. Bd3 Qe7 22.
Bc2 Qg7 23. Nd2 Bd7 24. Qf3 Kh8 25. Bb2 Be8 26. Qe2 Rg8 27. f3 Bd7 28. Kh2 Qg3+
29. Kh1 Rg5 30. Rf1 Bxh3 31. Rf2 Bd7 32. Kg1 Rh5 33. Qd3 Bg5 34. Ne4 Nxe4 35.
Qxe4 Qh2+ 36. Kf1 Bh4 37. Rd2 Qh1+ 38. Ke2 Qxg2+ 39. Kd3 Bf2 40. Kc3 Qg3 41. Kb3
Be3 42. Rdd1 Qg2 43. Ra1 Rxa1 44. Rxa1 Bf5 45. Ra8+ Kg7 0-1

[Event "World Youth Girl U18 2016"]
[Site "Khanty-Mansiysk RUS"]
[Date "2016.10.02"]
[Round "10.2"]
[White "Tsolakidou, Stavroula"]
[Black "Mahalakshmi, M"]
[Result "1-0"]
[WhiteTitle "WGM"]
[BlackTitle "WIM"]
[WhiteElo "2355"]
[BlackElo "2221"]
[WhiteFideId "4264312"]
[BlackFideId "5001080"]
[EventDate "2016.09.22"]

1. e4 e6 2. d4 d5 3. Nc3 Nf6 4. Bg5 dxe4 5. Nxe4 Be7 6. Bxf6 gxf6 7. Nf3 b6 8.
Bc4 Bb7 9. Qe2 Rg8 10. O-O-O c6 11. Rhe1 Nd7 12. Ng3 Nf8 13. d5 cxd5 14. Bb5+
Nd7 15. Nd4 Kf8 16. Qh5 Rg7 17. Rxe6 Kg8 18. Rxe7 Qxe7 19. Ngf5 1-0

[Event "World Youth Girl U18 2016"]
[Site "Khanty-Mansiysk RUS"]
[Date "2016.10.02"]
[Round "10.3"]
[White "Khomeriki, Nino"]
[Black "Lahav, Michal"]
[Result "1/2-1/2"]
[WhiteTitle "WIM"]
[WhiteElo "2357"]
[BlackElo "2054"]
[WhiteFideId "13603191"]
[BlackFideId "2813742"]
[EventDate "2016.09.22"]

1. Nf3 Nf6 2. g3 g6 3. b3 Bg7 4. Bb2 d5 5. c4 O-O 6. Bg2 c6 7. d3 Re8 8. O-O Bf5
9. Nbd2 Qc8 10. Re1 Bh3 11. Bh1 Na6 12. Rc1 Nc7 13. Rc2 Bh6 14. Ne5 Ng4 15. Nxg4
Qxg4 16. Be5 Na6 17. cxd5 Qh5 18. f4 Qxe5 19. e3 Qc7 20. dxc6 b5 21. a3 Be6 22.
b4 Rad8 23. d4 Qb6 24. Qe2 Nc7 25. Rc5 Bg7 26. Rec1 a6 27. Bf3 Bd5 28. Kg2 Bxf3+
29. Nxf3 Qb8 30. h4 Qc8 31. h5 Rd6 32. hxg6 hxg6 33. Qc2 Qe6 34. Kf2 Rc8 35. Ng5
Qg4 36. Rh1 Rf8 37. Rh4 Qc8 38. Qc1 Ne6 39. Qh1 Nxg5 40. fxg5 Qe6 41. c7 Rc8 42.
Qb7 Rb6 43. Qf3 Qa2+ 44. Kf1 Qb1+ 45. Kg2 Qa2+ 46. Kf1 Qb1+ 47. Kg2 Qa2+ 48. Kh3
Qe6+ 49. Kg2 Qa2+ 1/2-1/2

[Event "World Youth Girl U18 2016"]
[Site "Khanty-Mansiysk RUS"]
[Date "2016.10.02"]
[Round "10.4"]
[White "Balajayeva, Khanim"]
[Black "Krasnokutskaya, Sofiya"]
[Result "1/2-1/2"]
[WhiteTitle "WFM"]
[WhiteElo "2147"]
[BlackElo "2086"]
[WhiteFideId "13406396"]
[BlackFideId "14150735"]
[EventDate "2016.09.22"]

1. e4 d6 2. d4 Nf6 3. Nc3 g6 4. Be2 Bg7 5. h4 h5 6. Bg5 Nbd7 7. Nf3 Ng4 8. Qd2
c5 9. Nd5 Ndf6 10. Nxf6+ Nxf6 11. Bxf6 Bxf6 12. dxc5 dxc5 13. Bb5+ Bd7 14. Bxd7+
Qxd7 15. Qxd7+ Kxd7 16. e5 Bg7 17. Ng5 e6 18. f4 Ke7 19. Ne4 b6 20. Kf2 Rad8 21.
Rad1 f6 22. exf6+ Bxf6 23. Nxf6 Kxf6 24. Kf3 e5 25. Rhe1 exf4 26. Kxf4 1/2-1/2

[Event "World Youth Girl U18 2016"]
[Site "Khanty-Mansiysk RUS"]
[Date "2016.10.02"]
[Round "10.5"]
[White "Ghukasyan, Siranush"]
[Black "Drogovoz, Irina"]
[Result "0-1"]
[BlackTitle "WIM"]
[WhiteElo "2106"]
[BlackElo "2144"]
[WhiteFideId "13300946"]
[BlackFideId "4176715"]
[EventDate "2016.09.22"]

1. e4 c5 2. Nf3 d6 3. d4 cxd4 4. Nxd4 Nf6 5. Nc3 a6 6. Be3 e6 7. f3 b5 8. Qd2
Nbd7 9. g4 h6 10. O-O-O Bb7 11. Kb1 Rc8 12. h4 Nb6 13. a3 d5 14. exd5 Nbxd5 15.
Nxd5 Nxd5 16. Bd3 b4 17. axb4 Bxb4 18. Qe2 Qb6 19. Bc1 O-O 20. h5 Rfd8 21. Nb3
a5 22. c4 a4 23. Na1 a3 24. cxd5 a2+ 25. Kxa2 Ra8+ 26. Kb1 Qa5 27. Bc4 Qxa1+ 28.
Kc2 exd5 29. Bb5 Rdc8+ 30. Kd3 Qa5 0-1

[Event "World Youth Girl U18 2016"]
[Site "Khanty-Mansiysk RUS"]
[Date "2016.10.02"]
[Round "10.6"]
[White "Abdusattorova, Bakhora"]
[Black "Assaubayeva, Bibisara"]
[Result "1-0"]
[WhiteTitle "WFM"]
[BlackTitle "WFM"]
[WhiteElo "2177"]
[BlackElo "2287"]
[WhiteFideId "14204126"]
[BlackFideId "13708694"]
[EventDate "2016.09.22"]

1. d4 Nf6 2. Bf4 c5 3. e3 Qb6 4. Nc3 d6 5. a3 g6 6. h3 Bg7 7. Nf3 O-O 8. Be2 Nh5
9. Nd5 Qd8 10. Bg5 Nc6 11. O-O h6 12. Bh4 g5 13. Nh2 Nf6 14. Nxf6+ Bxf6 15. d5
Nb8 16. Bg3 Bxb2 17. Rb1 Bg7 18. f4 Nd7 19. h4 Nf6 20. hxg5 hxg5 21. Bf3 gxf4
22. Bxf4 b6 23. g4 Nd7 24. Be4 Ne5 25. Qe2 e6 26. Qg2 f5 27. gxf5 exf5 28. Bf3
Ba6 29. Rf2 Qe8 30. Kh1 Qg6 31. Rg1 Qh7 32. Qg5 Rad8 33. Bxe5 dxe5 34. Qe7 Kh8
35. Rfg2 Bf6 36. Qxh7+ Kxh7 37. Rg3 Bh4 38. Rh3 Rf6 39. Rxh4+ Rh6 40. Bh5 Rdd6
41. Nf3 Be2 42. Ng5+ Kg7 43. Nf7+ Kf8 44. Nxh6 Rxh6 45. Rg5 Bg4 46. Kh2 Ke7 47.
Kg3 Kf6 48. Bxg4 Kxg5 49. Rxh6 f4+ 50. exf4+ exf4+ 51. Kf3 1-0

[Event "World Youth Girl U18 2016"]
[Site "Khanty-Mansiysk RUS"]
[Date "2016.10.02"]
[Round "10.7"]
[White "Heinemann, Josefine"]
[Black "Stanciu, Ioana-Georgiana"]
[Result "1/2-1/2"]
[WhiteTitle "WIM"]
[WhiteElo "2242"]
[BlackElo "1931"]
[WhiteFideId "12900460"]
[BlackFideId "1202294"]
[EventDate "2016.09.22"]

1. e4 c5 2. Nc3 Nc6 3. Bb5 g6 4. Bxc6 dxc6 5. d3 Bg7 6. f4 Nf6 7. Nf3 b5 8. e5
Nd5 9. Ne4 Qb6 10. Qe2 O-O 11. c4 Nc7 12. O-O Rd8 13. Be3 Ne6 14. Rfd1 Nd4 15.
Qf2 Bg4 16. b4 Qc7 17. Nxc5 Nxf3+ 18. gxf3 Bf5 19. cxb5 cxb5 20. Ne4 f6 21. Rac1
Qd7 22. Rc5 a5 23. bxa5 Rxa5 24. Rd2 Ra3 25. Nc3 b4 26. Nd5 fxe5 27. fxe5 Bxe5
28. Nb6 Qe6 29. Nc4 Bc3 30. Re2 Rxd3 31. Rxf5 Qxf5 32. Nxa3 bxa3 33. Kg2 Be5 34.
Qh4 Bf6 35. Qf2 Qd5 36. Bf4 Bd4 37. Qg3 Rd1 38. Be3 Bxe3 39. Rxe3 Qxa2+ 40. Kh3
Rd7 41. Qb8+ Kf7 42. Qh8 Qc2 43. Qxh7+ Kf8 44. Re4 Qc1 45. Qh8+ Kf7 46. Qh7+ Kf8
47. Qh8+ Kf7 48. Qh7+ Kf8 49. Qh8+ 1/2-1/2

[Event "World Youth Girl U18 2016"]
[Site "Khanty-Mansiysk RUS"]
[Date "2016.10.02"]
[Round "10.8"]
[White "Lingur, Zalina"]
[Black "Gazikova, Veronika"]
[Result "1-0"]
[WhiteTitle "WFM"]
[BlackTitle "WFM"]
[WhiteElo "1986"]
[BlackElo "2213"]
[WhiteFideId "34165670"]
[BlackFideId "14919311"]
[EventDate "2016.09.22"]

1. Nf3 b6 2. g3 Bb7 3. Bg2 e6 4. c4 Nf6 5. Nc3 c5 6. O-O Be7 7. d4 O-O 8. d5
exd5 9. cxd5 d6 10. e4 Nbd7 11. a4 a6 12. Nh4 Re8 13. f4 Bf8 14. Re1 Qc7 15. b3
Rab8 16. Bf1 g6 17. Bb2 Bg7 18. Qd2 Qd8 19. Rad1 Nh5 20. Nf3 Bh6 21. Qf2 Ndf6
22. h3 Bg7 23. e5 dxe5 24. fxe5 Nd7 25. e6 Ndf6 26. exf7+ Kxf7 27. Ng5+ Kg8 28.
d6 Rxe1 29. Qxe1 Qe8 30. Bc4+ Nd5 31. Qxe8+ Rxe8 32. Nxd5 Bxb2 33. Nf6+ Kf8 34.
Ngxh7+ 1-0

[Event "World Youth Girl U18 2016"]
[Site "Khanty-Mansiysk RUS"]
[Date "2016.10.02"]
[Round "10.9"]
[White "Fuentes Godoy, Lilia Ivonne"]
[Black "Hu, Yu A."]
[Result "1-0"]
[WhiteTitle "WIM"]
[WhiteElo "2142"]
[BlackElo "2049"]
[WhiteFideId "5104130"]
[BlackFideId "8609993"]
[EventDate "2016.09.22"]

1. d4 Nf6 2. c4 g6 3. d5 Bg7 4. Nc3 d6 5. e4 O-O 6. Be2 e5 7. Be3 c6 8. f3 cxd5
9. cxd5 a6 10. g4 h5 11. Nh3 b5 12. Nf2 Qa5 13. Qd2 Nbd7 14. g5 Nh7 15. Nd3 Bb7
16. a4 Rac8 17. b4 Qc7 18. axb5 Qxc3 19. Qxc3 Rxc3 20. bxa6 Ba8 21. Kd2 Rcc8 22.
Rac1 f6 23. h4 fxg5 24. hxg5 Rb8 25. Rc7 Rf7 26. Rhc1 Nc5 27. a7 Rd8 28. Rxf7
Nb3+ 29. Kd1 Nxc1 30. Nxc1 Kxf7 31. b5 Nf8 32. b6 Nd7 33. Ba6 h4 34. b7 h3 35.
Ne2 h2 36. Ng3 Bf8 37. bxa8=Q Rxa8 38. Bb7 Rxa7 39. Bxa7 Nc5 40. Bxc5 dxc5 41.
Ba6 1-0

[Event "World Youth Girl U18 2016"]
[Site "Khanty-Mansiysk RUS"]
[Date "2016.10.02"]
[Round "10.10"]
[White "Marjina, Arina"]
[Black "Santeramo, Alessia"]
[Result "1-0"]
[WhiteTitle "WFM"]
[BlackTitle "WFM"]
[WhiteElo "2076"]
[BlackElo "2001"]
[WhiteFideId "34100242"]
[BlackFideId "850810"]
[EventDate "2016.09.22"]

1. e4 e5 2. Nf3 Nc6 3. Nc3 Nf6 4. Bb5 Nd4 5. O-O Nxf3+ 6. Qxf3 c6 7. Bc4 d6 8.
d4 exd4 9. Ne2 Qb6 10. Qd3 Be7 11. Nxd4 O-O 12. Bg5 Qc7 13. Rfe1 b5 14. Bb3 a6
15. Nxc6 Qxc6 16. Bxf6 Bxf6 17. Bd5 Qc5 18. Bxa8 Bxb2 19. Rab1 Bd4 20. Rf1 Kh8
21. Bd5 f5 22. Rbd1 Be5 23. Qe3 Qb4 24. f4 Bb2 25. Kh1 Re8 26. Bc6 Re7 27. Qb6
Kg8 28. Qd8+ Kf7 29. Qxc8 1-0

[Event "World Youth Girl U18 2016"]
[Site "Khanty-Mansiysk RUS"]
[Date "2016.10.02"]
[Round "10.11"]
[White "Unuk, Laura"]
[Black "Nguyen, Thanh Thuy Tien"]
[Result "1-0"]
[WhiteTitle "WIM"]
[BlackTitle "WIM"]
[WhiteElo "2332"]
[BlackElo "1978"]
[WhiteFideId "14609215"]
[BlackFideId "12400998"]
[EventDate "2016.09.22"]

1. d4 Nf6 2. c4 g6 3. Nf3 Bg7 4. g3 O-O 5. Bg2 d5 6. cxd5 Nxd5 7. O-O c5 8. e4
Nf6 9. e5 Nd5 10. dxc5 Na6 11. a3 Nxc5 12. b4 Ne6 13. Bb2 Nb6 14. Nbd2 Bd7 15.
Rc1 a5 16. Qb3 Bb5 17. Rfe1 Bh6 18. bxa5 Rxa5 19. Bc3 Ba4 20. Qb4 Rb5 21. Qh4
Kg7 22. Rb1 Nd5 23. Ba1 Rxb1 24. Rxb1 b5 25. Ne4 Ndc7 26. Re1 Bd1 27. Bc3 Qd3
28. Bd2 Nf4 29. Bxf4 Bxf4 30. Qxf4 Rd8 31. Nfg5 Bb3 32. e6 f6 33. Qxc7 fxg5 34.
Qxe7+ Kh6 35. Qxg5+ Kg7 36. Qe5+ Kh6 37. e7 Re8 38. Nf6 1-0

[Event "World Youth Girl U18 2016"]
[Site "Khanty-Mansiysk RUS"]
[Date "2016.10.02"]
[Round "10.12"]
[White "Yakimenko, Viktoria"]
[Black "Xiang, Evan"]
[Result "1/2-1/2"]
[BlackTitle "WFM"]
[WhiteElo "2160"]
[BlackElo "1948"]
[WhiteFideId "24174998"]
[BlackFideId "2005816"]
[EventDate "2016.09.22"]

1. e4 d5 2. exd5 Qxd5 3. Nf3 g6 4. d4 Bg7 5. Be2 c6 6. c4 Qd6 7. O-O Nh6 8. Bd2
O-O 9. Bc3 Bg4 10. Nbd2 Rd8 11. Qb3 Qc7 12. h3 Bxf3 13. Nxf3 Nf5 14. Rad1 Nd7
15. Bd3 e6 16. Rfe1 Ne7 17. Qa3 Nf6 18. b3 a5 19. Qb2 Ne8 20. Nh2 Qd6 21. Ng4 h5
22. Ne5 c5 23. Bc2 cxd4 24. Bxd4 Qc7 25. Nf3 Nc6 26. Bxg7 Nxg7 27. Qf6 Qe7 28.
Qxe7 Nxe7 29. Be4 Nc6 30. Bxc6 bxc6 31. Ne5 c5 32. Rd7 f6 33. Rxd8+ Rxd8 34.
Nxg6 Rd2 35. Nf4 e5 36. Nd5 Kf7 37. Nc3 Rc2 38. Ne4 Ne6 39. Ra1 Ke7 40. Ng3 Nf4
41. Ne4 Ne6 42. Ng3 Nf4 1/2-1/2

[Event "World Youth Girl U18 2016"]
[Site "Khanty-Mansiysk RUS"]
[Date "2016.10.02"]
[Round "10.13"]
[White "Mamontova, Anastasia"]
[Black "Vidic, Teja"]
[Result "1/2-1/2"]
[WhiteTitle "WFM"]
[BlackTitle "WFM"]
[WhiteElo "2021"]
[BlackElo "2121"]
[WhiteFideId "34100234"]
[BlackFideId "14605511"]
[EventDate "2016.09.22"]

1. d4 f5 2. g3 Nf6 3. Bg2 g6 4. Nh3 Bg7 5. Nf4 e6 6. h4 Nc6 7. c3 Qe7 8. h5 g5
9. h6 Bf8 10. Nh3 g4 11. Nf4 d6 12. d5 exd5 13. Nxd5 Nxd5 14. Qxd5 Bd7 15. Be3
Qe6 16. Na3 O-O-O 17. Nb5 Qxd5 18. Bxd5 Ne7 19. Nxa7+ Kb8 20. Bc4 d5 21. Bd3 c6
22. Bb6 Re8 23. a4 Ng6 24. O-O-O Ne5 25. Bc2 Rg8 26. b3 Be6 27. Be3 Nd7 28. b4
Kc7 29. a5 Ra8 30. b5 Bc5 31. Bf4+ Kd8 32. bxc6 Rxa7 33. cxd7 Rxa5 34. Rh5 Ra1+
35. Kd2 Ra2 36. Rb1 b6 37. e3 Kxd7 38. Kd1 Kc6 39. Bxf5 Bxf5 40. Rxf5 Rxf2 41.
Rf7 Bd6 42. Rf6 Rd8 43. Rb4 Rh2 44. e4 Kc7 45. Bxd6+ Rxd6 46. e5 Rxf6 47. exf6
Kd7 48. Rxg4 Rxh6 49. Rf4 Ke8 50. g4 Kf7 51. g5 Rg6 52. Rf5 h6 53. gxh6 Rxh6 54.
Rxd5 1/2-1/2

[Event "World Youth Girl U18 2016"]
[Site "Khanty-Mansiysk RUS"]
[Date "2016.10.02"]
[Round "10.14"]
[White "Suchomelova, Simona"]
[Black "Shivacheva, Donika"]
[Result "1/2-1/2"]
[WhiteElo "1958"]
[BlackElo "2063"]
[WhiteFideId "348864"]
[BlackFideId "2900840"]
[EventDate "2016.09.22"]

1. e4 e5 2. Nf3 Nc6 3. d4 exd4 4. Nxd4 Bc5 5. Be3 Qf6 6. c3 Nge7 7. Bc4 b6 8.
O-O Bb7 9. Nb5 O-O-O 10. Bxc5 bxc5 11. Nd2 Qg6 12. Bd5 a6 13. Na3 Nxd5 14. exd5
Ne7 15. c4 d6 16. Rb1 c6 17. b4 cxd5 18. bxc5 dxc4 19. g3 d5 20. Qa4 Qc6 21. Qb4
Qc7 22. Naxc4 dxc4 23. Nxc4 Nc6 24. Qb2 Kb8 25. Nd6 Na5 26. Qa3 Rd7 27. Rfc1 Qd8
28. c6 Rc7 29. cxb7 Rxc1+ 30. Rxc1 Qb6 31. Qc5 Qxc5 32. Rxc5 Nxb7 33. Nxb7 Kxb7
34. Re5 Rc8 35. Kg2 g6 36. Re2 Rc3 1/2-1/2

[Event "World Youth Girl U18 2016"]
[Site "Khanty-Mansiysk RUS"]
[Date "2016.10.02"]
[Round "10.15"]
[White "Fiadosenka, Rahneda"]
[Black "Uktamova, Marjona"]
[Result "1-0"]
[WhiteElo "2059"]
[BlackElo "1542"]
[WhiteFideId "13503740"]
[BlackFideId "14209128"]
[EventDate "2016.09.22"]

1. Nf3 Nf6 2. g3 g6 3. Bg2 Bg7 4. O-O O-O 5. d3 c6 6. e4 d6 7. Nc3 Bd7 8. d4 Qc8
9. Re1 Rd8 10. Qe2 Bg4 11. Bg5 h6 12. Bxf6 Bxf6 13. Qe3 Bg7 14. e5 dxe5 15. Nxe5
Be6 16. Nxg6 fxg6 17. Qxe6+ Qxe6 18. Rxe6 Bf6 19. Ne2 Kf7 20. Re4 Nd7 21. Bh3
Nf8 22. c3 Rab8 23. Nf4 Rd6 24. Rae1 b6 25. Nd3 Rbd8 26. Ne5+ Bxe5 27. Rxe5 e6
28. f4 R8d7 29. a4 a5 30. g4 Re7 31. f5 g5 32. Bf1 Rd5 33. R5e4 Rd6 34. Bc4 Kf6
35. Kf2 Re8 36. b3 Re7 37. Kf3 h5 38. Bxe6 hxg4+ 39. Kxg4 Rh7 40. Kg3 Nxe6 41.
Rxe6+ Rxe6 42. fxe6 Ke7 43. Re5 g4 44. c4 Rh3+ 45. Kxg4 Rxh2 46. d5 cxd5 47.
cxd5 Rh8 48. Kf4 Rh4+ 49. Kg5 Rd4 50. Rf5 Kd6 51. Kf6 Re4 52. Kf7 Re3 53. Rf6
Re2 54. e7+ Kd7 55. Re6 Rf2+ 56. Kg6 Ke8 57. d6 Rd2 58. Rf6 Rg2+ 59. Kf5 Rf2+
60. Ke5 Re2+ 61. Kd5 Kd7 62. e8=Q+ Rxe8 63. Rf7+ Kd8 64. Kc6 Rh8 65. Ra7 Ke8 66.
Ra8+ Kf7 67. Rxh8 1-0

[Event "World Youth Girl U18 2016"]
[Site "Khanty-Mansiysk RUS"]
[Date "2016.10.02"]
[Round "10.16"]
[White "Trippold, Denise"]
[Black "Parhomenko, Margarita"]
[Result "1/2-1/2"]
[WhiteTitle "WFM"]
[WhiteElo "2068"]
[BlackElo "1940"]
[WhiteFideId "1625594"]
[BlackFideId "11603216"]
[EventDate "2016.09.22"]

1. d4 e6 2. c4 c5 3. d5 exd5 4. cxd5 d6 5. Nc3 Be7 6. e4 Bf6 7. h3 Ne7 8. Nf3
Ng6 9. Be2 O-O 10. O-O Re8 11. Qc2 Na6 12. Be3 Nc7 13. Rab1 a6 14. a4 Qe7 15.
Nd2 Bd4 16. Qd3 Ne5 17. Qc2 Bxe3 18. fxe3 Qg5 19. Nf3 Qxe3+ 20. Kh1 b6 21. Nxe5
Rxe5 22. Rf3 Qh6 23. Rbf1 Bg4 24. Rg3 Bxe2 25. Qxe2 Rf8 26. Qg4 Re7 27. Rgf3 f6 1/2-1/2

[Event "World Youth Girl U18 2016"]
[Site "Khanty-Mansiysk RUS"]
[Date "2016.10.02"]
[Round "10.17"]
[White "Wozniak, Mariola"]
[Black "Yakimenko, Anastasia"]
[Result "1/2-1/2"]
[WhiteTitle "WIM"]
[WhiteElo "2246"]
[BlackElo "1983"]
[WhiteFideId "1152050"]
[BlackFideId "24174980"]
[EventDate "2016.09.22"]

1. e4 c5 2. Nf3 e6 3. d4 cxd4 4. Nxd4 a6 5. Bd3 Bc5 6. Nb3 Ba7 7. O-O Nc6 8. Qg4
Qf6 9. Nc3 h5 10. Qe2 Ne5 11. Be3 Bxe3 12. Qxe3 Ne7 13. Be2 b5 14. f4 Qh6 15.
Qc5 N5c6 16. Rad1 h4 17. Rd6 O-O 18. f5 Qg5 19. Kh1 Nd8 20. fxe6 Qxc5 21. Nxc5
dxe6 22. e5 Nf5 23. Rd3 Bb7 24. Nxb7 Nxb7 25. b4 Rad8 26. a4 Nd4 27. Bf3 Nxc2
28. Rfd1 Rxd3 29. Rxd3 Nxb4 30. Rd4 Nd5 31. axb5 axb5 32. Nxd5 exd5 33. Rxd5 Nd8
34. Rxb5 Ne6 35. Rb4 g5 36. Kg1 Re8 37. Rb5 Nd4 38. Rd5 Nxf3+ 39. gxf3 Re6 40.
Kg2 Kf8 41. Kh3 f5 42. exf6 Rxf6 43. Rxg5 Rxf3+ 44. Kxh4 Rf7 45. Kg4 Rg7 46. h4 1/2-1/2

[Event "World Youth Girl U18 2016"]
[Site "Khanty-Mansiysk RUS"]
[Date "2016.10.02"]
[Round "10.18"]
[White "Auvray, Honorine"]
[Black "Kanakova, Natalie"]
[Result "0-1"]
[WhiteTitle "WFM"]
[WhiteElo "1961"]
[BlackElo "2175"]
[WhiteFideId "600512"]
[BlackFideId "350486"]
[EventDate "2016.09.22"]

1. d4 Nf6 2. Bg5 Ne4 3. Bf4 e6 4. Nf3 d5 5. e3 g5 6. Bg3 h5 7. Bb5+ Bd7 8. Bxd7+
Nxd7 9. h3 Nxg3 10. fxg3 Bd6 11. O-O Bxg3 12. Nfd2 f5 13. Qf3 Bd6 14. e4 g4 15.
Qb3 gxh3 16. Qxh3 dxe4 17. Nc3 Qg5 18. Nc4 Qg4 19. Nxd6+ cxd6 20. Qh2 Ke7 21.
Nb5 e5 22. Nc7 Raf8 23. Nd5+ Ke6 24. Nc7+ Ke7 25. Nd5+ Kd8 26. Rad1 f4 27. dxe5
dxe5 28. Nc3 f3 29. Rd5 Rhg8 30. Rfd1 Rf7 31. Rxe5 Qxg2+ 32. Qxg2 Rxg2+ 33. Kf1
Rxc2 34. Rxe4 Rxb2 35. Rh4 Rh7 36. Ra4 a6 37. Rf4 f2 38. a4 Kc8 39. Rxf2 Rxf2+
40. Kxf2 h4 41. Nd5 Ne5 42. Nf4 Rd7 43. Rg1 Nd3+ 44. Nxd3 Rxd3 45. Rg5 h3 46.
Rh5 Ra3 47. a5 h2 48. Kg2 Ra2+ 49. Kh1 Rb2 50. Rh8+ Kc7 51. Rh7+ Kb8 52. Rh8+
Ka7 53. Rh4 Rb5 54. Ra4 Rh5 55. Ra2 Kb8 56. Ra1 Kc7 57. Rc1+ Kd6 58. Rd1+ Kc5
59. Rb1 Kc6 60. Ra1 b5 61. axb6 Kxb6 62. Rb1+ Ka7 0-1

[Event "World Youth Girl U18 2016"]
[Site "Khanty-Mansiysk RUS"]
[Date "2016.10.02"]
[Round "10.19"]
[White "Wu, Min"]
[Black "Sit, Victoria"]
[Result "1-0"]
[WhiteElo "1996"]
[BlackElo "1768"]
[WhiteFideId "1631969"]
[BlackFideId "425524"]
[EventDate "2016.09.22"]

1. e4 c5 2. Nf3 Nc6 3. d4 cxd4 4. Nxd4 Qc7 5. Nc3 e6 6. Be2 a6 7. O-O Nf6 8. Kh1
Be7 9. f4 d6 10. Be3 O-O 11. Qe1 Bd7 12. Qg3 b5 13. a3 Na5 14. Rad1 Nc4 15. Bc1
Rfc8 16. Bxc4 bxc4 17. f5 e5 18. Nde2 Kh8 19. Qf3 Bc6 20. Ng3 Qb7 21. Rfe1 Re8
22. Nh5 Nd7 23. Nd5 Bxd5 24. exd5 Bf8 25. f6 g6 26. Ng3 Nc5 27. h4 Na4 28. b3
cxb3 29. cxb3 Nc5 30. b4 Na4 31. h5 Rac8 32. Ne4 Red8 33. Qh3 Qd7 34. Qf3 Qf5
35. hxg6 Qxf3 36. g7+ Bxg7 37. fxg7+ Kxg7 38. gxf3 Nc3 39. Rg1+ Kh8 1-0

[Event "World Youth Girl U18 2016"]
[Site "Khanty-Mansiysk RUS"]
[Date "2016.10.02"]
[Round "10.20"]
[White "Jibuti, Nata"]
[Black "Albekova, Dilyara"]
[Result "0-1"]
[WhiteTitle "WFM"]
[WhiteElo "1865"]
[BlackElo "1784"]
[WhiteFideId "13603094"]
[BlackFideId "13705628"]
[EventDate "2016.09.22"]

1. e4 d5 2. exd5 Nf6 3. d4 Nxd5 4. Nf3 g6 5. c4 Nb6 6. Nc3 Bg7 7. Be2 Bg4 8. c5
Nd5 9. Qb3 Nxc3 10. bxc3 O-O 11. Qxb7 Nd7 12. O-O e5 13. Ba3 Re8 14. Bc4 Rb8 15.
Qc6 e4 16. Nd2 Ne5 17. dxe5 Qxd2 18. Qxc7 Qf4 19. Bc1 e3 20. Bd5 Bxe5 21. g3
Qxf2+ 22. Rxf2 exf2+ 23. Kxf2 Bxc7 24. Bf4 Rb2+ 0-1

[Event "World Youth Girl U18 2016"]
[Site "Khanty-Mansiysk RUS"]
[Date "2016.10.02"]
[Round "10.21"]
[White "Liscinska, Jana"]
[Black "Toshali, V"]
[Result "0-1"]
[WhiteElo "1712"]
[BlackElo "1766"]
[WhiteFideId "14928612"]
[BlackFideId "5072611"]
[EventDate "2016.09.22"]

1. e4 Nc6 2. Nf3 d6 3. d4 Nf6 4. Nc3 Bg4 5. d5 Bxf3 6. Qxf3 Ne5 7. Qg3 g6 8. f4
Ned7 9. Be2 c6 10. dxc6 bxc6 11. O-O Qc7 12. Rb1 Bg7 13. Bd2 O-O 14. f5 Nc5 15.
Bf3 Rab8 16. h4 Qb6 17. Kh1 Qb4 18. Qe1 Qb7 19. h5 gxh5 20. Qh4 Ncd7 21. Ne2 d5
22. Ng3 dxe4 23. Nxe4 Nxe4 24. Bxe4 Nf6 25. Bf3 Qd7 26. Bf4 Rb4 27. c3 Rb5 28.
Bxh5 Nxh5 29. Qxh5 Qxf5 30. Qf3 Qh5+ 31. Kg1 Qxf3 32. Rxf3 e5 33. Be3 f5 34.
Bxa7 Ra5 35. Bb6 Rxa2 36. Bc5 Rf7 37. Ba3 e4 38. Re3 Bf8 39. Bxf8 Kxf8 40. Kf2
Rb7 41. Re2 Kf7 42. Ke3 Ke6 43. Kf4 Rg7 44. Rh1 Rg4+ 45. Ke3 Ke5 46. Rxh7 f4+
47. Kf2 e3+ 48. Kg1 Ra1+ 49. Kh2 Ke4 50. b4 Kd3 51. Rb2 e2 52. Rh3+ Rg3 53. Rxe2
Rxh3+ 54. gxh3 Kxe2 55. h4 f3 0-1